Statistiche per Elenca la formazione - Quiz n°3

Clicka qui per fare il quiz!

Statistiche generali

  • Questo quiz è stato fatto 75 volte
  • Il punteggio medio è 8 su 11

Statistiche sulle risposte

RuoloNazioneCalciatore% Corretto
PortiereSpagnaPepe Reina
89%
DifensoreSenegalKalidou Koulibaly
86%
AttaccanteItaliaLorenzo Insigne
84%
CentrocampistaSlovacchiaMarek Hamšík
83%
AttaccanteBelgioDries Mertens
81%
DifensoreSpagnaRaul Albiol
78%
CentrocampistaBrasileAllan
68%
DifensoreAlgeriaFaouzi Ghoulam
68%
AttaccanteSpagnaJosé Maria Callejon
65%
DifensoreAlbaniaElseid Hysaj
62%
CentrocampistaGuineaAmadou Diawara
43%

Distribuzione punteggi

Percentile per numero di risposta

Percentuale di utenti per punteggio

I tuoi punteggi nel tempo

Non hai fatto questo quiz